Reality and Expectations of Old-age Pension Savings in the Pension System of the Slovak Republic

Štatisticko-analytický pohľad na problematiku súčasného dôchodkového systému Slovenskej republiky. Analýza udržateľnosti dôchodkových systémov, investičné stratégie sporiteľov a rozloženie ich majetkových úspor v dôchodkových fondoch. Reformné kroky na zabezpečenie rovnováhy medzi finančnou a sociál...

Full description

Saved in:
Bibliographic Details
Main Author: Sika, Peter, 1975-
Other Authors: Vidová, Jarmila, 1967-
Format: Book Chapter
Language:English
Subjects:
Tags: Add Tag
No Tags, Be the first to tag this record!

MARC

LEADER 00000naa a2200000 4500
001 0281455
005 20240502083905.1
041 0 |a eng 
044 |a CZ 
245 1 0 |a Reality and Expectations of Old-age Pension Savings in the Pension System of the Slovak Republic  |c Peter Sika, Jarmila Vidová 
520 |a Štatisticko-analytický pohľad na problematiku súčasného dôchodkového systému Slovenskej republiky. Analýza udržateľnosti dôchodkových systémov, investičné stratégie sporiteľov a rozloženie ich majetkových úspor v dôchodkových fondoch. Reformné kroky na zabezpečenie rovnováhy medzi finančnou a sociálnou udržateľnosťou dôchodkového systému. 
610 2 0 |a systémy dôchodkové 
610 2 0 |a sporenie dôchodkové starobné 
610 2 0 |a stratégia investičná 
610 2 0 |a zabezpečenie sociálne 
610 2 0 |a analýzy 
610 2 0 |a Slovensko 
100 1 |a Sika, Peter, 1975- 
700 1 |a Vidová, Jarmila, 1967-